Fundamentos de dirección y administración de empresas (Registro nro. 2227)
[ vista simple ]
| 000 -LEADER | |
|---|---|
| fixed length control field | 02111 a2200253 4500 |
| 001 - CONTROL NUMBER | |
| control field | 31960 |
| 005 - DATE AND TIME OF LATEST TRANSACTION | |
| control field | 20260407155621.0 |
| 008 - FIXED-LENGTH DATA ELEMENTS--GENERAL INFORMATION | |
| fixed length control field | 260407a1995 arg spa d |
| 003 - CONTROL NUMBER IDENTIFIER | |
| control field | AR-UNSa-BCEJYS |
| 040 ## - CATALOGING SOURCE | |
| Original cataloging agency | AR-UNSa-BCEJYS |
| Language of cataloging | spa |
| Transcribing agency | AR-UNSa-BCEJYS |
| 080 ## - UNIVERSAL DECIMAL CLASSIFICATION NUMBER | |
| Universal Decimal Classification number | 658.3 |
| Common auxiliary subdivision | Personal. Relaciones humanas en la empresa (Recursos Humanos) |
| 020 ## - INTERNATIONAL STANDARD BOOK NUMBER | |
| International Standard Book Number | 84-8086-187-8 |
| 100 1# - MAIN ENTRY--PERSONAL NAME | |
| Personal name | Gibson, James L. |
| 245 10 - TITLE STATEMENT | |
| Title | Fundamentos de dirección y administración de empresas |
| 264 #1 - PRODUCTION, PUBLICATION, DISTRIBUTION, MANUFACTURE, AND COPYRIGHT NOTICE | |
| Place of production, publication, distribution, manufacture | Barcelona : |
| Name of producer, publisher, distributor, manufacturer | Irwin |
| Date of production, publication, distribution, manufacture, or copyright notice | 1995 |
| 300 ## - PHYSICAL DESCRIPTION | |
| Extent | 848 p. |
| Dimensions | 25 cm. |
| 505 ## - FORMATTED CONTENTS NOTE | |
| Formatted contents note | Parte I: La gerencia y su entorno: 1. Los gerentes y el estudio de la dirección de empresas - 2. Los gerentes y su entorno - 3. Las responsabilidades éticas y sociales de la gerencia - Parte II. La administración del trabajo y de las organizaciones: Planificación, organización y control - 4. La toma de decisiones en la gerencia - 5. La función de la planificación - 6. La planificación estratégica - 7. La función de organizar - 8. El diseño de la organiación - 9. La función de controlar - Parte III: La dirección de personal en las organizaciones: el liderazgo - 10. La motivación - 11. La dirección de grupos de trabajo - 12. El liderazgo de personas en las organizaciones - 13. La comuinicación - 14. La dirección de recursos humanos - 15. El cambio y el desarrollo en las organizaciones - Parte IV: La gestión de la producción y de las operaciones: planificacion, organización y control - 16. Gestión de la producción y de las operaciones - 17. Sistemas de apoyo de decisiones - 18. La planificación de la producción - 18. La planificación y el control del inventario - PARTE V: Reto de la dirección de empresas en el siglo XXI - 20. Los emprendedores - 21. La dirección en el etorno global - 22. Las carreras en dirección de empresas. |
| 590 ## - LOCAL NOTE (RLIN) | |
| Local note | niveau_biblio:m niveau_hierar:0 |
| 700 1# - ADDED ENTRY--PERSONAL NAME | |
| Personal name | Donnelly, James H., Jr. |
| 700 1# - ADDED ENTRY--PERSONAL NAME | |
| Personal name | Sánchez Carrión, Miguel Angel |
| 700 1# - ADDED ENTRY--PERSONAL NAME | |
| Personal name | Ivancevich, John M. |
| 856 41 - ELECTRONIC LOCATION AND ACCESS | |
| Uniform Resource Identifier | <a href="https://biblioeco.unsa.edu.ar/pmb/images/libros/L70149.jpg">https://biblioeco.unsa.edu.ar/pmb/images/libros/L70149.jpg</a> |
| Link text | Imagen de portada |
| Electronic format type | image/jpeg |
| 942 ## - ADDED ENTRY ELEMENTS (KOHA) | |
| Koha item type | |
| Withdrawn status | Lost status | Damaged status | Not for loan | Home library | Current library | Shelving location | Date acquired | Total checkouts | Full call number | Barcode | Date last seen | Price effective from | Koha item type |
|---|---|---|---|---|---|---|---|---|---|---|---|---|---|
| Biblioteca Prof. Eusebio Cleto del Rey | Biblioteca Prof. Eusebio Cleto del Rey | 07/04/2026 | 658.3 D685 | L70149 | 07/04/2026 | 07/04/2026 | Libro |